000 00901nam a22002897a 4500
003 CHAP
005 20220329141007.0
008 971013s1986 r 00010 d
010 _a61026
011 _a61998
035 _a66170
040 _cCHAP
082 _a516.83
_bB62 1986
100 0 0 _aBolivar Terrazas, Héctor Carlos.
_913573
245 _aVectores y el espacio euclidiano tridimensional
250 _a6 ed.
260 _aMéxico, D.F. :
_bUniversidad Nacional Autónoma de México,
_c1986
300 _a294 p.
590 _aBATCH-UPD
_b10
_c20130110
_lUCH01
_h0835
590 _aBATCH-UPD
_b10
_c20130410
_lUCH01
_h0513
590 _aBATCH-UPD
_b10
_c20130914
_lUCH01
_h2139
590 _aCONVERSION
_b10
_c20130109
_lUCH01
_h1333
650 1 4 _aAnalisis vectorial.
_95995
901 _aBK
942 _cLIBRO
949 _a516.83 B62 1986
_bBC
_cLIBRO
_d33724000609384
_eLIBRO
_h74852
_i66170
_si
999 _c61026
_d61026